000 00913nas a2200277 4500
001 BR8206070
003 BR-BrBNA
005 20231205085327.0
007 ta
008 230509b bl.|||p| |||| 00| 00por d
040 _aBR-BrBNA
_bpor
_cBiblioteca Nacional de Agricultura
041 _a(Pt)
072 _aP20
100 1 _aBritto, K.B.
100 1 _aSantos, G.V. dos
100 1 _aBonfim, I.G.
100 1 _aAquino, M.P.
111 1 _aCongresso Nacional sobre Essencias Nativas
_cCampos de Jordao, SP (Brazil)
_d12 Sep 1982
245 1 _aPlano para implantacao do Bosque da Universidade Estadual de Feira de Santana - Bahia [Brasil]
650 _aPARQUE ESTADUAL
650 _aFEIRA DE SANTANA
650 _aBAHIA
773 0 _tSilvicultura em Sao Paulo (Brazil)
_xISSN 0583-3132
_g(1982), v. 16-A(pt. 3) p. 1735-1737
_wBR8206070
909 _a202311
_bLúcia
_c55
_dLúcia Elande
942 _2AGRIS
_n0
_cANA
999 _c110740
_d110740